Loading...
Religion | 0 | 4 | 1 | 0 | 35 | 77 | 91.75 | 0 | 2 |
Mythology | 0 | 4 | 1 | 0 | 35 | 49 | 85.00 | 0 | 2 |
Science - Other Science | 0 | 3 | 0 | 0 | 30 | 76 | 99.33 | 0 | 0 |
History - European History | 0 | 2 | 0 | 0 | 20 | 55 | 64.50 | 1 | 2 |
Science - Biology | 0 | 2 | 0 | 0 | 20 | 83 | 98.50 | 0 | 0 |
Fine Arts - Visual Fine Arts | 0 | 2 | 0 | 0 | 20 | 70 | 74.00 | 0 | 1 |
Literature - American Literature | 0 | 2 | 0 | 0 | 20 | 21 | 48.00 | 1 | 1 |
Literature - British Literature | 0 | 2 | 0 | 0 | 20 | 112 | 117.50 | 0 | 1 |
Science - Physics | 0 | 2 | 1 | 0 | 15 | 69 | 80.50 | 0 | 0 |
Social Science | 0 | 2 | 1 | 0 | 15 | 51 | 69.50 | 1 | 1 |
Literature - European Literature | 0 | 2 | 1 | 0 | 15 | 65 | 94.50 | 0 | 0 |
Literature - World/Other Literature | 0 | 1 | 0 | 0 | 10 | 129 | 129.00 | 0 | 0 |
History - World History | 0 | 1 | 0 | 0 | 10 | 96 | 96.00 | 0 | 0 |
Fine Arts - Other Fine Arts | 0 | 2 | 2 | 0 | 10 | 37 | 77.50 | 1 | 2 |
Other Academic | 0 | 1 | 0 | 0 | 10 | 81 | 81.00 | 0 | 0 |
Philosophy | 0 | 1 | 0 | 0 | 10 | 65 | 65.00 | 0 | 1 |
Science - Chemistry | 0 | 1 | 0 | 0 | 10 | 56 | 56.00 | 0 | 1 |
History - Other History | 0 | 0 | 1 | 0 | -5 | 0.00 | 0 | 0 | |
History - American History | 0 | 0 | 1 | 0 | -5 | 0.00 | 0 | 0 | |
Geography/Current Events | 0 | 0 | 1 | 0 | -5 | 0.00 | 0 | 0 |